[Event "Irish Championship 2016"]
[Site "Dublin IRL"]
[Date "2016.07.04"]
[Round "3.2"]
[White "Daly, Colm"]
[Black "Fox, Anthony"]
[Result "1/2-1/2"]
[WhiteTitle "FM"]
[WhiteElo "2334"]
[BlackElo "1997"]
[WhiteICU "2262"]
[BlackICU "1959"]
[WhiteClub "Bray/Greystones"]
[BlackClub "Dun Laoghaire"]
[WhiteNationality "IRL"]
[BlackNationality "IRL"]
[WhiteFideId "2500434"]
[BlackFideId "2500736"]
[PlyCount "167"]
[EventDate "2016.07.02"]
[Source "Live boards"]

{ Event information: <a
href="https://www.irlchess.com/irlch2016_allfiles/pairings_irlch2016.html">Tournament
report</a>. }

1. e4 e5 2. Nf3 Nc6 3. Bb5 a6 4. Ba4 Nf6 5. O-O Be7 6. Re1 b5 7. Bb3 d6 8.
c3 O-O 9. h3 Bb7 10. d3 Na5 11. Bc2 c5 12. Nbd2 Re8 13. Nf1 g6 14. Ng3 Bf8
15. d4 Qc7 16. d5 Nc4 17. b3 Nb6 18. Bg5 Bg7 19. Qd2 a5 20. Bd3 c4 21. Bf1
Rec8 22. Reb1 Ba6 23. b4 a4 24. Be2 Nbd7 25. Bd1 Rf8 26. Bc2 Kh8 27. Rf1
Ng8 28. Rae1 h6 29. Be3 Kh7 30. Nh2 Rae8 31. f4 exf4 32. Rxf4 Ne5 33. Ref1
Bc8 34. Bd4 Qe7 35. Qf2 Bd7 36. Kh1 Bc8 37. a3 Bd7 38. Nf3 Nxf3 39. Rxf3
Bxd4 40. Qxd4 f6 41. Nh5 gxh5 42. e5+ Kh8 43. exf6 Qf7 44. Rg3 Nxf6 45. Rg6
Qxd5 46. Rxh6+ Kg8 47. Rg6+ Kh8 48. Rh6+ Kg8 49. Qh4 Ng4 50. Rg6+ Kh8 51.
Rxf8+ Rxf8 52. Kg1 Qe5 53. hxg4 Qe3+ 54. Kh2 Qf4+ 55. Qg3 Qxg3+ 56. Kxg3
Bxg4 57. Rxd6 Rf1 58. Bg6 Rc1 59. Kf4 Rxc3 60. Kg5 Kg7 61. Rb6 Rc1 62. Rb7+
Kf8 63. Rxb5 Ra1 64. Rc5 Ke7 65. Rxc4 Rxa3 66. Bxh5 Bxh5 67. Kxh5 Rg3 68.
Rc2 a3 69. Ra2 Kd6 70. Kh4 Rb3 71. g4 Kc6 72. Kh5 Kb5 73. g5 Kxb4 74. g6
Rb2 75. Ra1 Rg2 76. Rb1+ Kc3 77. Rb8 a2 78. Rc8+ Kb2 79. Rb8+ Kc1 80. Ra8
Kb1 81. Kh6 a1=Q 82. Rxa1+ Kxa1 83. g7 Rxg7 84. Kxg7 1/2-1/2

[Event "Irish Championship 2016"]
[Site "Dublin IRL"]
[Date "2016.07.04"]
[Round "3.3"]
[White "O'Connell, Gerard"]
[Black "Scott, Luke"]
[Result "1/2-1/2"]
[WhiteElo "2104"]
[BlackElo "1922"]
[WhiteICU "2015"]
[BlackICU "1862"]
[WhiteClub "St. Benildus"]
[BlackClub "Blanchardstown"]
[WhiteNationality "IRL"]
[BlackNationality "IRL"]
[WhiteFideId "2500493"]
[BlackFideId "2507986"]
[PlyCount "58"]
[EventDate "2016.07.02"]
[Source "Live boards"]

{ Event information: <a
href="https://www.irlchess.com/irlch2016_allfiles/pairings_irlch2016.html">Tournament
report</a>. }

1. d4 d5 2. c4 c6 3. Nf3 Nf6 4. Nc3 Bf5 5. e3 e6 6. Be2 Bd6 7. O-O Nbd7 8.
b3 h6 9. a4 a6 10. Ba3 Bxa3 11. Rxa3 Qe7 12. Qc1 O-O 13. Rd1 Rac8 14. Qb2
Rfd8 15. b4 dxc4 16. Bxc4 Nb6 17. Be2 Nfd5 18. Na2 Ra8 19. a5 Nc8 20. Ne5
Nd6 21. Nc3 f6 22. Nf3 Nb5 23. Bxb5 axb5 24. Nxd5 cxd5 25. Rc1 Rdc8 26.
Rac3 Rc4 27. Nd2 Rxb4 28. Qa3 Re8 29. Rc7 Qf8 1/2-1/2

[Event "Irish Championship 2016"]
[Site "Dublin IRL"]
[Date "2016.07.04"]
[Round "3.4"]
[White "MacElligott, Gerard"]
[Black "O'Neill, Paul"]
[Result "1-0"]
[WhiteTitle "CM"]
[WhiteElo "2060"]
[BlackElo "1784"]
[WhiteICU "1984"]
[BlackICU "1785"]
[WhiteClub "Elm Mount"]
[BlackClub "Naomh Barrog"]
[WhiteNationality "IRL"]
[BlackNationality "IRL"]
[WhiteFideId "2500647"]
[BlackFideId "2507692"]
[PlyCount "109"]
[EventDate "2016.07.02"]
[Source "Live boards"]

{ Event information: <a
href="https://www.irlchess.com/irlch2016_allfiles/pairings_irlch2016.html">Tournament
report</a>. }

1. d4 Nf6 2. c4 g6 3. Nc3 d5 4. cxd5 Nxd5 5. e4 Nxc3 6. bxc3 Bg7 7. Be3 c5
8. Qd2 Nc6 9. Nf3 Bg4 10. d5 Bxf3 11. gxf3 Ne5 12. Be2 Qa5 13. Rc1 O-O 14.
f4 Nd7 15. c4 Qc7 16. e5 g5 17. fxg5 Qxe5 18. O-O f6 19. f4 Qf5 20. Rf2
fxg5 21. fxg5 Qe4 22. Rcf1 Rxf2 23. Rxf2 Rf8 24. Rxf8+ Kxf8 25. Bd3 Qg4+
26. Qg2 Qxg2+ 27. Kxg2 Bd4 28. Bxd4 cxd4 29. Kf3 h6 30. gxh6 Nc5 31. Bf5 a6
32. Kf4 b5 33. cxb5 axb5 34. Ke5 b4 35. Kxd4 b3 36. a3 Na4 37. Be4 b2 38.
Kc4 Nb6+ 39. Kb3 Nxd5 40. Kxb2 Nb6 41. Kb3 e5 42. Kb4 Nd7 43. a4 Nf6 44.
Bf5 e4 45. Kc3 e3 46. a5 Nd5+ 47. Kd3 Ne7 48. Be4 Nc8 49. Kxe3 Nd6 50. a6
Nb5 51. Kd3 Kf7 52. Kc4 Nd6+ 53. Kd5 Nb5 54. Kc5 Na7 55. Bf5 1-0

[Event "Irish Championship 2016"]
[Site "Dublin IRL"]
[Date "2016.07.04"]
[Round "3.5"]
[White "Butler, Kevin C."]
[Black "Melaugh, Shane"]
[Result "1/2-1/2"]
[WhiteElo "2042"]
[BlackElo "1677"]
[WhiteICU "1981"]
[BlackICU "1776"]
[WhiteClub "Phibsboro"]
[BlackClub "Elm Mount"]
[WhiteNationality "IRL"]
[BlackNationality "IRL"]
[WhiteFideId "2501538"]
[BlackFideId "2509580"]
[PlyCount "94"]
[EventDate "2016.07.02"]
[Source "Live boards"]

{ Event information: <a
href="https://www.irlchess.com/irlch2016_allfiles/pairings_irlch2016.html">Tournament
report</a>. }

1. e4 c5 2. Nf3 Nc6 3. d4 cxd4 4. Nxd4 Nf6 5. Nc3 e5 6. Ndb5 d6 7. Nd5 Nxd5
8. exd5 Ne7 9. c4 Nf5 10. Bd3 a6 11. Nc3 Nd4 12. O-O Be7 13. f4 O-O 14.
fxe5 dxe5 15. Qh5 f5 16. Be3 g6 17. Qd1 Bg5 18. Bf2 Bh4 19. Qe1 Bxf2+ 20.
Qxf2 Qf6 21. Rae1 Bd7 22. Kh1 Rac8 23. b4 b6 24. Qb2 Qd6 25. a3 e4 26. Bxe4
fxe4 27. Nxe4 Rxf1+ 28. Rxf1 Rf8 29. Rxf8+ Qxf8 30. Qxd4 Qf1+ 31. Qg1 Qf4
32. Qe1 Bf5 33. Nd2 Bd3 34. h3 Bxc4 35. Nxc4 Qxc4 36. Qe8+ Kg7 37. Qe5+ Kf7
38. Kh2 b5 39. Qe6+ Kg7 40. Qe7+ Kg8 41. Qe5 Kf7 42. d6 Qe6 43. Qc5 Ke8 44.
Qc6+ Kd8 45. Qc7+ Ke8 46. Kg3 Qe3+ 47. Kh2 Qe5+ 1/2-1/2

[Event "Irish Championship 2016"]
[Site "Dublin IRL"]
[Date "2016.07.04"]
[Round "3.6"]
[White "Mirza, Diana"]
[Black "Haque, Mustakim-Ul"]
[Result "0-1"]
[WhiteTitle "WCM"]
[WhiteElo "1889"]
[BlackElo "1839"]
[WhiteICU "1916"]
[BlackICU "1704"]
[WhiteClub "St. Michael's"]
[BlackClub "Rathmines"]
[WhiteNationality "IRL"]
[BlackNationality "IRL"]
[WhiteFideId "2503999"]
[BlackFideId "2509334"]
[PlyCount "126"]
[EventDate "2016.07.02"]
[Source "Live boards"]

{ Event information: <a
href="https://www.irlchess.com/irlch2016_allfiles/pairings_irlch2016.html">Tournament
report</a>. }

1. e4 c6 2. d4 d5 3. e5 c5 4. Nf3 Bg4 5. Bb5+ Nc6 6. dxc5 e6 7. b4 Ne7 8.
O-O a6 9. Ba4 b5 10. cxb6 Qxb6 11. Qd4 Qxd4 12. Nxd4 Kd7 13. f4 Kc7 14.
Nxc6 Nxc6 15. Bxc6 Kxc6 16. Bd2 Be7 17. h3 Be2 18. Re1 Bc4 19. Na3 Rhd8 20.
Bc3 a5 21. b5+ Bxb5 22. Nxb5 Kxb5 23. Rab1+ Kc4 24. Bd2 Bb4 25. Red1 Rab8
26. c3 Bxc3 27. Bxc3 Kxc3 28. Rbc1+ Kb2 29. Rc5 a4 30. Rd2+ Ka1 31. a3 Rdc8
32. Ra5 Rc4 33. Rf2 Rb2 34. g3 d4 35. Ra7 Rxf2 36. Kxf2 Kb2 37. Rxf7 Kxa3
38. Re7 Rc6 39. Rb7 Ka2 40. Ke2 a3 41. Kd3 Rc3+ 42. Kxd4 Rb3 43. Rxg7 Kb2
44. Ra7 a2 45. Rxa2+ Kxa2 46. g4 Rxh3 47. Ke4 h5 48. f5 Rh4 49. fxe6 Rxg4+
50. Kf5 Rg8 51. Kf6 h4 52. Kf7 Rb8 53. e7 h3 54. e8=Q Rxe8 55. Kxe8 h2 56.
e6 h1=Q 57. e7 Kb3 58. Kf7 Qh5+ 59. Kf8 Qf5+ 60. Ke8 Kc4 61. Kd8 Qd5+ 62.
Kc7 Qe6 63. Kd8 Qd6+ 0-1

[Event "Irish Championship 2016"]
[Site "Dublin IRL"]
[Date "2016.07.04"]
[Round "3.7"]
[White "Keogh, Eamon"]
[Black "Tirziman, Rudolf"]
[Result "1-0"]
[WhiteTitle "NM"]
[WhiteElo "2021"]
[BlackElo "1900"]
[WhiteICU "1930"]
[BlackICU "1838"]
[WhiteClub "Kilkenny"]
[BlackClub "Blanchardstown"]
[WhiteNationality "IRL"]
[BlackNationality "IRL"]
[WhiteFideId "2500264"]
[BlackFideId "2508664"]
[PlyCount "109"]
[EventDate "2016.07.02"]
[Source "Live boards"]

{ Event information: <a
href="https://www.irlchess.com/irlch2016_allfiles/pairings_irlch2016.html">Tournament
report</a>. }

1. d3 e5 2. g3 d5 3. Bg2 Nc6 4. f4 exf4 5. Bxf4 Nf6 6. Nf3 Bd6 7. Qd2 O-O
8. O-O Re8 9. Nc3 a6 10. Bg5 Be7 11. Rae1 h6 12. Bxf6 Bxf6 13. e4 dxe4 14.
Nxe4 Bxb2 15. c3 Ba3 16. Nh4 Bf8 17. d4 Ne7 18. Qf2 Be6 19. Nf6+ $2 ({
Right idea, wrong implementation: } 19. Ng5 $3 hxg5 20. Rxe6 { and the
attack is irresistible. }) 19... gxf6 $19 20. Rxe6 fxe6 21. Qxf6 Nf5 22.
Qg6+ Kh8 23. Be4 Qg5 24. Qf7 Bg7 25. Ng6+ Kh7 26. Nf4 Re7 27. Bxf5+ Qxf5 $4
(27... exf5 $19) 28. Qxe7 $18 Rf8 29. Qxe6 Qc2 30. Qb3 Qd2 31. Rf2 Qe1+ 32.
Kg2 Qe4+ 33. Rf3 h5 34. Qd1 h4 35. Qd3 Qxd3 36. Nxd3 Re8 37. Ne5 c5 38. Rf7
cxd4 39. cxd4 Rd8 40. Nf3 hxg3 41. Ng5+ Kg6 42. Rxg7+ Kf6 43. hxg3 Rxd4 44.
Nf3 Ra4 45. Rxb7 Rxa2+ 46. Kh3 a5 47. g4 a4 48. g5+ Kg6 49. Kg4 Rg2+ 50.
Kf4 Rf2 51. Ra7 a3 52. Rxa3 Rb2 53. Ne5+ Kg7 54. Ra7+ Kf8 55. Kf5 1-0

[Event "Irish Championship 2016"]
[Site "Dublin IRL"]
[Date "2016.07.04"]
[Round "3.8"]
[White "Beatty, Ross"]
[Black "Thee, Bernd"]
[Result "1-0"]
[WhiteElo "1770"]
[BlackElo "1961"]
[WhiteICU "1847"]
[BlackICU "1832"]
[WhiteClub "St. Benildus"]
[BlackClub "Adare"]
[WhiteNationality "IRL"]
[BlackNationality "IRL"]
[WhiteFideId "2507552"]
[BlackFideId "2505630"]
[PlyCount "49"]
[EventDate "2016.07.02"]
[Source "Chess-Results.com"]

{ Event information: <a
href="https://www.irlchess.com/irlch2016_allfiles/pairings_irlch2016.html">Tournament
report</a>. }

1. Nf3 Nf6 2. d4 d5 3. e3 Bg4 4. c4 c6 5. Qb3 Qb6 6. Nc3 Bxf3 7. gxf3 Qxb3
8. axb3 Nbd7 9. Bh3 e6 10. e4 e5 11. cxd5 exd4 12. dxc6 bxc6 13. Ne2 Bb4+
14. Bd2 Bxd2+ 15. Kxd2 c5 16. Nf4 Ke7 17. Nd3 Rhb8 18. Ra3 Kd6 19. Rg1 g6
20. Rga1 Rb6 21. Rxa7 Rxa7 22. Rxa7 Rxb3 23. Bxd7 c4 24. e5+ Kd5 25. Ra5+
1-0

[Event "Irish Championship 2016"]
[Site "Dublin IRL"]
[Date "2016.07.05"]
[Round "4.1"]
[White "Jessel, Stephen"]
[Black "O'Connell, Gerard"]
[Result "1/2-1/2"]
[WhiteTitle "FM"]
[WhiteElo "2344"]
[BlackElo "2104"]
[WhiteICU "2304"]
[BlackICU "2015"]
[WhiteClub "V&eacute;sinet FRA"]
[BlackClub "St. Benildus"]
[WhiteNationality "IRL"]
[BlackNationality "IRL"]
[WhiteFideId "628859"]
[BlackFideId "2500493"]
[PlyCount "219"]
[EventDate "2016.07.02"]
[Source "Live boards"]

{ Event information: <a
href="https://www.irlchess.com/irlch2016_allfiles/pairings_irlch2016.html">Tournament
report</a>. }

1. Nf3 Nf6 2. c4 g6 3. b4 Bg7 4. Bb2 O-O 5. g3 d5 6. cxd5 Qxd5 7. Bg2 Qd6
8. a3 c6 9. O-O Nbd7 10. d3 a5 11. Nbd2 Nb6 12. Be5 Qd8 13. Qc2 axb4 14.
axb4 Rxa1 15. Rxa1 Nfd5 16. Bxg7 Kxg7 17. Ne4 Kg8 18. Qb2 Nc7 19. Nd4 Ne6
20. Nxe6 Bxe6 21. Nc5 Bc8 22. h4 Nd7 23. Ra8 Nxc5 24. bxc5 Qd7 25. Bf3 f6
26. Rb8 Kg7 27. Qa1 Qc7 28. Qa8 Qd7 29. Qa5 Rg8 30. Be4 Rf8 31. Qa1 Qc7 32.
Qa8 Qd7 33. Bg2 Rd8 34. Bf1 Rf8 35. e3 Rd8 36. Qa7 Qc7 37. Qa8 Qd7 38. Qa5
Rf8 39. Ra8 Re8 40. d4 Rf8 41. Qa7 Qc7 42. Qb8 Qxb8 43. Rxb8 Kf7 44. e4 e6
45. f3 Ke7 46. Kf2 Kd7 47. Ke3 Kc7 48. Ra8 Rd8 49. Bc4 Bd7 50. Rxd8 Kxd8
51. Kf4 h6 52. e5 f5 53. Bd3 Ke7 54. g4 Kf7 55. Bc4 Ke7 56. Bb3 Be8 57. Bc2
Bd7 58. Bd3 Bc8 59. Bc2 Bd7 60. Bd1 Bc8 61. Kg3 Bd7 62. f4 fxg4 63. Kxg4
Kf7 64. Bc2 Kg7 65. Kf3 Be8 66. Ke3 h5 67. Kd2 Kf8 68. Kc3 Ke7 69. Kb4 Kd7
70. Ka5 Kc7 71. Bd3 Bf7 72. Bc4 Bg8 73. Bb3 Bf7 74. Bd1 Be8 75. Be2 Bf7 76.
Bf1 Be8 77. Bh3 Bf7 78. Bg2 Be8 79. Bf3 Bf7 80. Kb4 Kd7 81. Kc3 Ke7 82. Kd3
Kf8 83. Kd2 Ke7 84. Ke3 Kf8 85. Bd1 Ke7 86. Bb3 Kf8 87. Kd2 Bg8 88. Bc2 Bf7
89. Bd3 Be8 90. Bc4 Bf7 91. Ke3 Kg7 92. Kd3 Kf8 93. Bb3 Bg8 94. Bc2 Bf7 95.
Bd1 Be8 96. Bf3 Bf7 97. Kc4 Ke7 98. Be4 Be8 99. Bc2 Bf7 100. Bb3 Bg8 101.
Kc3 Bf7 102. Kb4 Kd8 103. Bd1 Kd7 104. Ba4 Kd8 105. Bc2 Kd7 106. Bd3 Kd8
107. Be2 Kd7 108. Bf1 Kd8 109. Bh3 Kd7 110. Kc4 1/2-1/2

[Event "Irish Championship 2016"]
[Site "Dublin IRL"]
[Date "2016.07.05"]
[Round "4.2"]
[White "MacElligott, Gerard"]
[Black "Daly, Colm"]
[Result "0-1"]
[WhiteTitle "CM"]
[BlackTitle "FM"]
[WhiteElo "2060"]
[BlackElo "2334"]
[WhiteICU "1984"]
[BlackICU "2262"]
[WhiteClub "Elm Mount"]
[BlackClub "Bray/Greystones"]
[WhiteNationality "IRL"]
[BlackNationality "IRL"]
[WhiteFideId "2500647"]
[BlackFideId "2500434"]
[PlyCount "122"]
[EventDate "2016.07.02"]
[Source "Live boards"]

{ Event information: <a
href="https://www.irlchess.com/irlch2016_allfiles/pairings_irlch2016.html">Tournament
report</a>. }

1. d4 g6 2. e4 Bg7 3. Nf3 d6 4. Bd3 Nf6 5. O-O O-O 6. h3 c6 7. a4 a5 8. c3
Nbd7 9. Na3 e5 10. Re1 Re8 11. Qc2 Qc7 12. Nc4 exd4 13. Bf4 Ne5 14. Nxd4
Nh5 15. Bh2 Nxc4 16. Bxc4 Be5 17. Bxe5 dxe5 18. Nf3 Kg7 19. Rad1 Nf4 20.
Qd2 Ne6 21. Qd6 Qxd6 22. Rxd6 Nc5 23. b3 f6 24. Kf1 Be6 25. Bxe6 Rxe6 26.
Rxe6 Nxe6 27. Ke2 Nf4+ 28. Kf1 Rd8 29. h4 Kf7 30. Rc1 Ke7 31. g3 Ne6 32. b4
axb4 33. cxb4 Rd3 34. Ke2 Rb3 35. Rc4 Kd6 36. Nd2 Rb2 37. Kd3 b5 38. axb5
cxb5 39. Rc8 Rxb4 40. Kc3 Ra4 41. Rb8 Nd4 42. Rb6+ Ke7 43. Rb7+ Kf8 44.
Rxh7 Ra3+ 45. Kb2 Rd3 46. Kc1 b4 47. Rb7 b3 48. g4 Rc3+ 49. Kb1 Rd3 50. Kc1
Rh3 51. h5 g5 52. h6 Rxh6 53. Nxb3 Rh1+ 54. Kd2 Ne6 55. Nc1 Rg1 56. Ne2
Rxg4 57. Ng3 Rf4 58. Rb8+ Kf7 59. Rb7+ Kg6 60. Ke1 Nc5 61. Nf5 Nxb7 0-1

[Event "Irish Championship 2016"]
[Site "Dublin IRL"]
[Date "2016.07.05"]
[Round "4.3"]
[White "Scott, Luke"]
[Black "Delaney, Killian"]
[Result "0-1"]
[WhiteElo "1922"]
[BlackElo "2190"]
[WhiteICU "1862"]
[BlackICU "2141"]
[WhiteClub "Blanchardstown"]
[BlackClub "Gonzaga"]
[WhiteNationality "IRL"]
[BlackNationality "IRL"]
[WhiteFideId "2507986"]
[BlackFideId "2501570"]
[PlyCount "72"]
[EventDate "2016.07.02"]
[Source "Chess-Results.com"]

{ Event information: <a
href="https://www.irlchess.com/irlch2016_allfiles/pairings_irlch2016.html">Tournament
report</a>. }

1. d4 d6 2. Nf3 g6 3. c4 Bg7 4. Nc3 Nd7 5. e4 e5 6. Be2 Ne7 7. O-O O-O 8.
d5 f5 9. Nd2 a5 10. a3 Nc5 11. f3 a4 12. b4 axb3 13. Nxb3 Nxb3 14. Qxb3 b6
15. Be3 f4 16. Bf2 g5 17. c5 bxc5 18. Bxc5 h5 19. Rfc1 g4 20. Bf2 g3 21.
hxg3 fxg3 22. Bxg3 Bh6 23. Rc2 Be3+ 24. Bf2 Bxf2+ 25. Kxf2 Ng6 26. Rh1 Qg5
27. Nd1 Nf4 28. Rg1 Qh4+ 29. Kf1 Qh2 30. Nf2 Nxe2 31. Rxe2 Ba6 32. Nd3 Rab8
33. Qc2 Kh8 34. Rd2 Rf7 35. Kf2 Rxf3+ 36. Kxf3 Rf8+ 0-1

[Event "Irish Championship 2016"]
[Site "Dublin IRL"]
[Date "2016.07.05"]
[Round "4.4"]
[White "Fox, Anthony"]
[Black "Haque, Mustakim-Ul"]
[Result "1-0"]
[WhiteElo "1997"]
[BlackElo "1839"]
[WhiteICU "1959"]
[BlackICU "1704"]
[WhiteClub "Dun Laoghaire"]
[BlackClub "Rathmines"]
[WhiteNationality "IRL"]
[BlackNationality "IRL"]
[WhiteFideId "2500736"]
[BlackFideId "2509334"]
[PlyCount "55"]
[EventDate "2016.07.02"]
[Source "Chess-Results.com"]

{ Event information: <a
href="https://www.irlchess.com/irlch2016_allfiles/pairings_irlch2016.html">Tournament
report</a>. }

1. e4 c6 2. d4 d5 3. Nc3 dxe4 4. Nxe4 Nf6 5. Nxf6+ exf6 6. c3 Bd6 7. Bd3
O-O 8. Qc2 h6 9. Ne2 Re8 10. O-O Qc7 11. h3 Be6 12. Be3 Nd7 13. c4 Rad8 14.
Rfe1 Nb8 15. a3 c5 16. d5 Bc8 17. Nc3 a6 18. Ne4 Nd7 19. Nxd6 Qxd6 20. f4
Rxe3 21. Rxe3 Qxf4 22. Qf2 Qd6 23. Rae1 Ne5 24. b3 Bd7 25. a4 a5 26. Bc2 b6
27. Qh4 Kf8 28. Rxe5 1-0

[Event "Irish Championship 2016"]
[Site "Dublin IRL"]
[Date "2016.07.05"]
[Round "4.5"]
[White "Mirza, Diana"]
[Black "Butler, Kevin C."]
[Result "0-1"]
[WhiteTitle "WCM"]
[WhiteElo "1889"]
[BlackElo "2042"]
[WhiteICU "1916"]
[BlackICU "1981"]
[WhiteClub "St. Michael's"]
[BlackClub "Phibsboro"]
[WhiteNationality "IRL"]
[BlackNationality "IRL"]
[WhiteFideId "2503999"]
[BlackFideId "2501538"]
[PlyCount "64"]
[EventDate "2016.07.02"]
[Source "Live boards"]

{ Event information: <a
href="https://www.irlchess.com/irlch2016_allfiles/pairings_irlch2016.html">Tournament
report</a>. }

1. e4 e5 2. Nf3 Nc6 3. Bc4 Bc5 4. c3 Nf6 5. d3 a6 6. a4 O-O 7. O-O d6 8.
Na3 Ba7 9. h3 h6 10. Re1 Nh5 11. d4 Qf6 12. Nxe5 dxe5 13. Qxh5 exd4 14. e5
Qf5 15. Qe2 dxc3 16. Bd3 Nd4 17. Qd1 Qe6 18. bxc3 Nc6 19. Bf4 Ne7 20. Qf3
Qc6 21. Be4 Qxa4 22. Nc2 Qc4 23. Nb4 c6 24. Red1 Be6 25. Rd6 a5 26. Rxa5
Bxf2+ 27. Kxf2 Rxa5 28. Rd4 Qc5 29. g4 Ra3 30. Nd3 Qxc3 31. Be3 Bd5 32. Nf4
Qxd4 0-1

[Event "Irish Championship 2016"]
[Site "Dublin IRL"]
[Date "2016.07.05"]
[Round "4.6"]
[White "Melaugh, Shane"]
[Black "Beatty, Ross"]
[Result "0-1"]
[WhiteElo "1677"]
[BlackElo "1770"]
[WhiteICU "1776"]
[BlackICU "1847"]
[WhiteClub "Elm Mount"]
[BlackClub "St. Benildus"]
[WhiteNationality "IRL"]
[BlackNationality "IRL"]
[WhiteFideId "2509580"]
[BlackFideId "2507552"]
[PlyCount "84"]
[EventDate "2016.07.02"]
[Source "Live boards"]

{ Event information: <a
href="https://www.irlchess.com/irlch2016_allfiles/pairings_irlch2016.html">Tournament
report</a>. }

1. c4 c6 2. Nc3 Nf6 3. e4 e5 4. Nf3 Qc7 5. Be2 Bc5 6. O-O d6 7. d4 exd4 8.
Nxd4 O-O 9. a3 a5 10. Nb3 Nbd7 11. Bf4 Rd8 12. Bf3 a4 13. Nxa4 Rxa4 14.
Nxc5 Nxc5 15. b4 Ne6 16. Bxd6 Rxd6 17. Qxa4 Ng5 18. e5 Nxf3+ 19. gxf3 Rd4
20. exf6 Rh4 21. Rfd1 Qxh2+ 22. Kf1 Bh3+ 23. Ke1 Qe5+ 24. Kd2 Rd4+ 25. Kc1
Rxc4+ 26. Kd2 Rd4+ 27. Kc1 Rxd1+ 28. Kxd1 Qxa1+ 29. Kd2 Qb2+ 30. Ke3 Qe5+
31. Kd2 Qd4+ 32. Ke2 gxf6 33. Qa8+ Kg7 34. Qxb7 Qb2+ 35. Kd1 Qd4+ 36. Ke2
Qe5+ 37. Kd2 Qd5+ 38. Ke2 Qb5+ 39. Qxb5 cxb5 40. Kd3 h5 41. a4 bxa4 42. b5
Bf1+ 0-1

[Event "Irish Championship 2016"]
[Site "Dublin IRL"]
[Date "2016.07.05"]
[Round "4.7"]
[White "O'Neill, Paul"]
[Black "Keogh, Eamon"]
[Result "1-0"]
[BlackTitle "NM"]
[WhiteElo "1784"]
[BlackElo "2021"]
[WhiteICU "1785"]
[BlackICU "1930"]
[WhiteClub "Naomh Barrog"]
[BlackClub "Kilkenny"]
[WhiteNationality "IRL"]
[BlackNationality "IRL"]
[WhiteFideId "2507692"]
[BlackFideId "2500264"]
[PlyCount "79"]
[EventDate "2016.07.02"]
[Source "Live boards"]

{ Event information: <a
href="https://www.irlchess.com/irlch2016_allfiles/pairings_irlch2016.html">Tournament
report</a>. }

1. e4 d6 2. d4 Nf6 3. Nc3 g6 4. Be3 Bg7 5. Be2 c6 6. Qd2 b5 7. f3 h5 8. h4
b4 9. Nd1 a5 10. Nh3 Ba6 11. Ndf2 Bxe2 12. Qxe2 Nbd7 13. Nd3 Qc7 14. a3
bxa3 15. Rxa3 O-O 16. O-O Nb6 17. b3 a4 18. Ng5 axb3 19. Rxb3 Nc4 20. Bf2
Na5 21. Rbb1 Nh7 22. f4 Nxg5 23. hxg5 f5 24. gxf6 exf6 25. f5 g5 26. Qxh5
Nc4 27. Rfe1 Rfe8 28. Re2 Re7 29. Rbe1 Rae8 30. c3 Qd8 31. Nb4 Rc7 32. Bg3
Bf8 33. e5 dxe5 34. dxe5 Bxb4 35. cxb4 Nxe5 36. Bxe5 fxe5 37. f6 Qd4+ 38.
Re3 Re6 39. Qxg5+ Kf8 40. Qh6+ 1-0

[Event "Irish Championship 2016"]
[Site "Dublin IRL"]
[Date "2016.07.05"]
[Round "4.8"]
[White "Tirziman, Rudolf"]
[Black "Thee, Bernd"]
[Result "1/2-1/2"]
[WhiteElo "1900"]
[BlackElo "1961"]
[WhiteICU "1838"]
[BlackICU "1832"]
[WhiteClub "Blanchardstown"]
[BlackClub "Adare"]
[WhiteNationality "IRL"]
[BlackNationality "IRL"]
[WhiteFideId "2508664"]
[BlackFideId "2505630"]
[PlyCount "58"]
[EventDate "2016.07.02"]
[Source "Chess-Results.com"]

{ Event information: <a
href="https://www.irlchess.com/irlch2016_allfiles/pairings_irlch2016.html">Tournament
report</a>. }

1. e4 c5 2. Nf3 Nc6 3. Bb5 d6 4. Bxc6+ bxc6 5. e5 Bg4 6. exd6 Qxd6 7. O-O
Nf6 8. Nc3 e6 9. b3 Be7 10. Ba3 Qf4 11. d3 Bd6 12. Re1 Bxf3 13. Qxf3 Qxh2+
14. Kf1 Nd5 15. Ne4 Be7 16. Bxc5 Bxc5 17. Nxc5 O-O 18. g3 Rfd8 19. Re4 Qh6
20. Rae1 Qd2 21. R4e2 Qb4 22. Ne4 Nc3 23. Re3 Rd5 24. Qf4 Qd4 25. a4 Rf5
26. Qh4 Nd5 27. R3e2 Nc3 28. Nxc3 Qxc3 29. Qe4 Rd5 1/2-1/2